| 000 | 00475nam a22001697a 4500 | ||
|---|---|---|---|
| 005 | 20260225163955.0 | ||
| 008 | 260225b |||||||| |||| 00| 0 eng d | ||
| 020 | _a978-0-511-60626-7 | ||
| 100 | _aMCELIECE R. J. | ||
| 245 | _aTHE THEORY OF INFORMATION AND CODING | ||
| 250 | _a2ND ED | ||
| 260 |
_aNEW YORK _bCAMBRIDGE UNIVERSITY PRESS _c2004 |
||
| 300 | _aXII,397P. | ||
| 500 | _aINCLUDES INDEX | ||
| 650 | _a1. INFORMATION THEORY 2. CODING THEORY | ||
| 942 |
_2lcc _cBK |
||
| 999 |
_c216679 _d216679 |
||